01045 2200361 4500001002100000005001500021035002000036007000300056040001700059100003100076245007900107250001200186300003600198041000800234082001000242084001600252090001800268264004600286336002100332337003000353338002300383500002900406650001500435700004700450850001000497008004100507020001800548504002500566990002300591990002300614990002300637990002300660INLIS00000000000568920260426115917 a0010-0222000779ta aSBPUPADbInd0 aAchmad TjahjonoePengarang1 aPerpajakan Indonesia :bPendekatan Soal Jawab Dan Kasus /cAchmad Tjahjono a.-Cet.2 axii, 484 hal :billus. ;c23 cm aind a336.2 a336.2 ACH p a335 FAI p 9-5 a.--Jakarta :bRajagrafindo Persada,c2005 2rdacontentaTeks 2rdamediaaTanpa Perantara 2rdacarrieraVolume aProfile Penulis, hlm 483 4aPerpajakan aPengarang ke-2, Triyono WahyudiePengarang aPUPAD260426 0  a979-421-942-8 abibliografi, hlm 479 a5226/BR/ARPUS/2007 a5227/BR/ARPUS/2007 a5225/BR/ARPUS/2007 a5228/BR/ARPUS/2007